| 000 | 00732nam a2200193 u 4500 | ||
|---|---|---|---|
| 001 | 000468149 | ||
| 003 | AM-YeHGA | ||
| 005 | 20250617133755.0 | ||
| 008 | 051210s1984 ru |||||||||||||0|||rus d | ||
| 040 | _aAM-YeHGA | ||
| 041 | 0 | _arus | |
| 245 | 0 | 0 |
_aИслам : _bРелигия, общество, государство / _cАН СССР. Ин-т востоковедения ; Отв. ред. П.А. Грязневич. |
| 260 |
_aМосква : _bНаука. Гл. ред. вост. лит, _c1984. |
||
| 300 | _a232 с. | ||
| 650 | 1 | 4 | _aИслам. Магометанство |
| 700 | 1 |
_aГрязневич, П.А. _eред. _4edt |
|
| 710 | 2 | _aИнститут востоковедения АН СССР | |
| 090 | _c172273 | ||
| 999 |
_c170835 _d170835 |
||